Record Goalscorers - Germany - Statistics

General Stats
  • This quiz has been taken 229 times
  • The average score is 7 of 10
Answer Stats
Goals Games played Answer % Correct
68 62 Gerd Müller
99%
45 131 Thomas Müller
99%
71 137 Miroslav Klose
96%
47 108 Jürgen Klinsmann
65%
49 130 Lukas Podolski
65%
45 95 Karl Heinz Rummenigge
58%
47 90 Rudi Völler
55%
42 98 Michael Ballack
47%
37 70 Oliver Bierhoff
38%
43 72 Uwe Seeler
33%
No matching quizzes found
Score Distribution
Percent of People with Each Score
Percentile by Number Answered
Your Score History
You have not taken this quiz